Verejno-súkromné partnerstvá a možnosti ich využitia v hospodárstve štátu diplomová práca

Guardado en:
Detalles Bibliográficos
Autor principal: Bednárik, Tomáš
Autor Corporativo: Obchodná fakulta EU. Katedra medzinárodného obchodu
Otros Autores: Knapik, Peter
Formato: Libro
Lenguaje:eslovaco
Publicado: Bratislava 2010
Etiquetas: Agregar Etiqueta
Sin Etiquetas, Sea el primero en etiquetar este registro!

MARC

LEADER 00000nam a2200000 4500
001 0119594
005 20240318123716.4
041 0 |a slo 
044 |a SK 
245 1 0 |a Verejno-súkromné partnerstvá a možnosti ich využitia v hospodárstve štátu  |b diplomová práca  |c Tomáš Bednárik ; škol. Peter Knapik 
264 1 |a Bratislava  |c 2010 
300 |a 103 s. 
100 1 |a Bednárik, Tomáš 
700 1 |a Knapik, Peter 
710 2 |a Obchodná fakulta EU. Katedra medzinárodného obchodu